Oxford

Oliver Hargrave, Omer Keskin, Eileen Peng, Schuyler Colfax


Ancient History and Archaeology422.50100%100%25%
Beliefs1316.92100%46%23%
British and Commonwealth History225.00100%100%50%
Current Events316.67100%67%0%
Fine Arts - Auditory Fine Arts616.67100%33%33%
Fine Arts - Visual Fine Arts620.00100%67%33%
Geography120.00100%100%0%
History - American History815.0075%75%0%
History - European History120.00100%100%0%
History - World History522.00100%80%40%
Literature - American Literature420.00100%100%0%
Literature - British Literature621.67100%67%50%
Literature - European Literature522.00100%60%60%
Other Academic220.00100%50%50%
Other Arts: Auditory110.00100%0%0%
Other Arts: Visual215.00100%50%0%
Other Science: Astronomy110.000%100%0%
Other Science: Computer Science110.00100%0%0%
Other Science: Earth Science25.0050%0%0%
Other Science: Math210.0050%50%0%
Philosophy623.33100%83%50%
Science - Biology811.2588%25%0%
Science - Chemistry510.0060%20%20%
Science - Physics514.0080%40%20%
Social Science516.0080%60%20%
World and Other Literature415.00100%50%0%